Countries that Border Ukraine - Statistics

General Stats
  • This quiz has been taken 24 times
  • The average score is 7 of 7
Answer Stats
Countries % Correct
Belarus
100%
Poland
100%
Russia
100%
Hungary
95%
Romania
95%
Moldova
90%
Slovakia
90%
No matching quizzes found
Score Distribution
Percent of People with Each Score
Percentile by Number Answered
Your Score History
You have not taken this quiz